Subdivisions of Nicaragua - Statistics

General Stats
  • This quiz has been taken 35 times
  • The average score is 10 of 16
Answer Stats
Answer % Correct
Masaya
88%
Carazo
75%
Granada
75%
Leon
75%
Managua
75%
Nueva Segovia
75%
Chinandega
63%
Chontales
63%
Madriz
63%
Rivas
63%
Boaco
50%
Esteli
50%
Rio San Juan
50%
Jinotega
38%
North Caribbean Coast Autonomous Region
25%
South Caribbean Coast Autonomous Region
25%
No matching quizzes found
Score Distribution
Percent of People with Each Score
Percentile by Number Answered
Your Score History
You have not taken this quiz